ARRUPE JESUIT UNIVERSITY

CORONAVIRUS -STOP THE SPREAD - CLEAN,DISINFECT,COVER

European traditions in the twentieth century (Record no. 8953)

MARC details
000 -LEADER
fixed length control field 00685nam a2200229Ia 4500
003 - CONTROL NUMBER IDENTIFIER
control field 0100
008 - FIXED-LENGTH DATA ELEMENTS--GENERAL INFORMATION
fixed length control field 130303s9999 xx 000 0 und d
020 ## - INTERNATIONAL STANDARD BOOK NUMBER
International Standard Book Number 882733753
040 ## - CATALOGING SOURCE
Transcribing agency ARRUPELIB
050 ## - LIBRARY OF CONGRESS CALL NUMBER
Classification number D443.E86 1979
300 ## - PHYSICAL DESCRIPTION
Other physical details ill. 22 cm
245 ## - TITLE STATEMENT
Title European traditions in the twentieth century
260 ## - PUBLICATION, DISTRIBUTION, ETC. (IMPRINT)
Place of publication, distribution, etc St. Louis
260 ## - PUBLICATION, DISTRIBUTION, ETC. (IMPRINT)
Name of publisher, distributor, etc Forum Press
260 ## - PUBLICATION, DISTRIBUTION, ETC. (IMPRINT)
-- 1979
300 ## - PHYSICAL DESCRIPTION
Extent 243 p.
650 ## - SUBJECT ADDED ENTRY--TOPICAL TERM
Topical term following geographic name as entry element Church and race relations--South Africa
650 ## - SUBJECT ADDED ENTRY--TOPICAL TERM
Location of event South Africa--Race relations
650 ## - SUBJECT ADDED ENTRY--TOPICAL TERM
Active dates Christian Institute of South Africa
700 ## - ADDED ENTRY--PERSONAL NAME
Personal name edited by William W. Macdonald, John M. Carroll , MacDonald, William W.Carroll, John M. (John Melvin)
942 00 - ADDED ENTRY ELEMENTS (KOHA)
Koha issues (borrowed), all copies 1
Holdings
Withdrawn status Lost status Source of classification or shelving scheme Damaged status Not for loan Collection code Home library Current library Shelving location Date acquired Total Checkouts Full call number Barcode Date last seen Date checked out Copy number Price effective from Koha item type
    Library of Congress Classification     Main Collection ARRUPE LIBRARY ARRUPE LIBRARY   04/03/2013 1 D443.E86 1979 46003029606 07/12/2017 22/05/2015 1 04/03/2013 Monograph ( Printed materials)

 

Arrupe Library. PO Box MP320 Mt Pleasant, Harare, Zimbabwe
263 242 745411|librarian@aju.ac.zw